Instrumentos financieros del comercio internacional /

Guardado en:
Detalles Bibliográficos
Otros autores: García, Gloria (dir.) Conductor
Formato: Libro
Idioma:Español
Publicado: Madrid, España : Fundación Confemetal, 1999, c1999
Temas:
Etiquetas: Agrega una etiqueta
Sin etiquetas, Sé el primero en etiquetar este registro!

MARC

LEADER 00000nam^a2200000^a^4500
001 000162841
005 20250521000000.0
009 20260310100847.172
020 |a 84-95428-13-X 
037 |a Acervo ITESO - Biblioteca 
041 |a ESP 
082 |a 332. 77  |b GAR 
100 |a García, Gloria  |e (dir.) 
245 1 0 |a Instrumentos financieros del comercio internacional /  |c Dir. de G. García. 
264 4 |a Madrid, España :  |b Fundación Confemetal,  |c 1999, c1999 
300 |a 323 p. 
336 |a texto  |b txt  |2 rdacontenido 
337 |a sin mediación  |b n  |2 rdamedio 
338 |a volumen  |b nc  |2 rdasoporte 
649 |a XX 
650 |a Cheques 
650 |a Swaps 
650 |a Instrumentos Financieros 
650 |a Ventas 
650 |a Riesgo Económico 
650 |a Financiamiento (de Empresas, Proyectos, etc.) 
650 |a Contratos Mercantiles 
650 |a Derecho Mercantil 
650 |a Comercio Internacional 
650 |a Finanzas 
650 |a Economía 
910 |a Fondo General 
920 |a Impresos - Libros 
930 |a Colección General 
905 |a 101 
901 |a 0500095494  |b IT1  |c ACC  |u 20250521 
902 |a https://opac.biblio.iteso.mx/vufind/Record/000162841